Parenting : (Record no. 743204)

MARC details
000 -LEADER
fixed length control field 00564nam a2200205Ia 4500
003 - CONTROL NUMBER IDENTIFIER
control field OSt
005 - DATE AND TIME OF LATEST TRANSACTION
control field 20250426113725.0
008 - FIXED-LENGTH DATA ELEMENTS--GENERAL INFORMATION
fixed length control field 220927b |||||||| |||| 00| 0 eng d
020 ## - INTERNATIONAL STANDARD BOOK NUMBER
International Standard Book Number 9789351062493
040 ## - CATALOGING SOURCE
Original cataloging agency SDCL
Transcribing agency SDCL
Language of cataloging eng
041 ## - LANGUAGE CODE
Source of code eng
Language code of text/sound track or separate title eng
084 ## - COLON CLASSIFICATION NUMBER
Classification number S822 Q3 LR
100 ## - MAIN ENTRY--PERSONAL NAME
Personal name Amber, Dusick
9 (RLIN) 426222
245 #0 - TITLE STATEMENT
Title Parenting :
Remainder of title Illustrated with crappy pictures
260 ## - PUBLICATION, DISTRIBUTION, ETC.
Place of publication, distribution, etc. Mumbai :
Name of publisher, distributor, etc. Harlequin,
Date of publication, distribution, etc. 2013.
300 ## - PHYSICAL DESCRIPTION
Extent ix,214p.
650 ## - SUBJECT ADDED ENTRY--TOPICAL TERM
Topical term or geographic name entry element Reference
942 ## - ADDED ENTRY ELEMENTS (KOHA)
Koha item type General Books
Source of classification or shelving scheme Colon Classification (CC)
Suppress in OPAC No
Holdings
Withdrawn status Lost status Source of classification or shelving scheme Damaged status Not for loan Home library Current library Date acquired Source of acquisition Total Checkouts Full call number Barcode Date last seen Price effective from Koha item type
    Colon Classification (CC)     South Campus Library South Campus Library 2022-09-28 111, 15/03/2018, Eastern Media   S822 Q3 LR SC1624187 2022-09-28 2022-09-28 General Books
Copyright @ Delhi University Library System